[Event "PER-ch"]
[Site "Lima"]
[Date "2015.05.03"]
[Round "7"]
[White "Rosello, Jaime"]
[Black "Tito, Eduardo"]
[Result "1/2-1/2"]
[WhiteElo "2013"]
[BlackElo "1721"]
[PlyCount "20"]
[EventDate "2015.04.30"]
[EventType "swiss"]
[EventRounds "8"]
[EventCountry "PER"]
[SourceTitle "CBM 166 Extra"]
[Source "ChessBase"]
[SourceDate "2015.06.18"]
[SourceVersion "1"]
[SourceVersionDate "2015.06.18"]
[SourceQuality "1"]

1. e4 d5 2. exd5 Nf6 3. c4 c6 4. d4 cxd5 5. Nc3 Nc6 6. Nf3 dxc4 7. Bxc4 e6 8. 0-0 Be7 9. Re1 0-0 10. Bg5 Nd5 1/2-1/2

[Event "Arica op 2nd"]
[Site "Arica"]
[Date "2015.01.13"]
[Round "1"]
[White "Hernandez Guerrero, Gilberto Eduardo"]
[Black "Tito, Eduardo"]
[Result "1-0"]
[WhiteElo "2517"]
[BlackElo "1747"]
[PlyCount "49"]
[EventDate "2015.01.13"]
[EventType "swiss"]
[EventRounds "9"]
[EventCountry "CHI"]
[SourceTitle "EXT 2016"]
[Source "ChessBase"]
[SourceDate "2015.10.08"]
[SourceVersion "1"]
[SourceVersionDate "2015.10.08"]
[SourceQuality "1"]

1. d4 Nf6 2. Bg5 Ne4 3. Bf4 g5 4. Be5 Nf6 5. Qd2 h6 6. Nc3 Bg7 7. h4 d6 8. Bxf6 exf6 9. e4 Nc6 10. Bb5 Bd7 11. Nge2 a6 12. Ba4 b5 13. Bb3 Na5 14. Ng3 Nxb3 15. axb3 c6 16. Nd1 f5 17. exf5 Qf6 18. Nh5 Qxd4 19. Nxg7+ Qxg7 20. Qxd6 Qf8 21. Qd4 Bxf5 22. Ne3 Be6 23. 0-0-0 f6 24. Ng4 Ke7 25. Rhe1 1-0

[Event "Antofagasta Zicosur op 1st"]
[Site "Antofagasta"]
[Date "2015.01.07"]
[Round "4"]
[White "Tito, Eduardo"]
[Black "Valenzuela Gomez, Fernando Alberto"]
[Result "0-1"]
[WhiteElo "1747"]
[BlackElo "2226"]
[PlyCount "68"]
[EventDate "2015.01.05"]
[EventType "swiss"]
[EventRounds "10"]
[EventCountry "CHI"]
[SourceTitle "CBM 164 Extra"]
[Source "ChessBase"]
[SourceDate "2015.03.02"]
[SourceVersion "1"]
[SourceVersionDate "2015.03.02"]
[SourceQuality "1"]

1. e4 c5 2. g3 d6 3. Bg2 Nc6 4. Ne2 Nf6 5. c3 h5 6. d4 h4 7. f3 h3 8. Bf1 Bd7 9. Be3 Rc8 10. Nd2 g6 11. a3 Bg7 12. b4 cxd4 13. cxd4 0-0 14. Qb3 Re8 15. Nf4 e5 16. dxe5 Nxe5 17. Bxh3 Bxh3 18. Nxh3 Nxf3+ 19. Nxf3 Nxe4 20. 0-0 Rc3 21. Qd5 Nf6 22. Bg5 Nxd5 23. Bxd8 Rxd8 24. Ra2 Ne3 25. Re1 d5 26. Nhg5 b6 27. Kf2 d4 28. Ne4 Rc6 29. a4 Re6 30. Ned2 Rde8 31. h3 d3 32. a5 Nc2 33. Rxe6 Rxe6 34. b5 Bf8 0-1

[Event "Piura op"]
[Site "Piura"]
[Date "2013.??.??"]
[Round "7"]
[White "Tito, Eduardo"]
[Black "Palacios Arrese, Kevin"]
[Result "0-1"]
[WhiteElo "1723"]
[BlackElo "1755"]
[PlyCount "74"]
[EventDate "2013.08.12"]
[EventType "swiss"]
[EventRounds "8"]
[EventCountry "PER"]
[SourceTitle "CBM 155 Extra"]
[Source "ChessBase"]
[SourceDate "2013.08.26"]
[SourceVersion "1"]
[SourceVersionDate "2013.08.26"]
[SourceQuality "1"]

1. e4 c5 2. Nf3 e6 3. Nc3 a6 4. d3 Nc6 5. g3 d6 6. Bg2 Nf6 7. 0-0 Be7 8. Be3 0-0 9. d4 cxd4 10. Nxd4 Nxd4 11. Bxd4 e5 12. Be3 b5 13. Qd2 Bb7 14. Rad1 b4 15. Nd5 Nxd5 16. exd5 a5 17. f4 Bf6 18. f5 Ba6 19. Rf2 Rc8 20. Be4 Re8 21. g4 h6 22. Rg2 Bg5 23. Qf2 Bxe3 24. Qxe3 Qg5 25. Qf2 Qf4 26. Qxf4 exf4 27. Rd4 Rc4 28. Rxc4 Bxc4 29. b3 Rxe4 30. bxc4 Rxc4 31. Rd2 Rc3 32. Rf2 Ra3 33. Rxf4 Rxa2 34. Rc4 Rb2 35. Rc8+ Kh7 36. Ra8 Rxc2 37. Rxa5 b3 0-1